| 000 | 02253nam a2200349 a 4500 | ||
|---|---|---|---|
| 001 | 000016368 | ||
| 003 | DO-SdBPM | ||
| 005 | 20260623134856.0 | ||
| 007 | ta | ||
| 008 | 100304s20uu dr a 001 0 spa d | ||
| 040 |
_aDO-SdBPM _bspa _cBPMSU _drda |
||
| 082 | 4 |
_a616.12 _bU75m [202-?] _222 |
|
| 100 | 1 |
_a Ureña Rivera, Mildred Ileana _eautor _4aut. |
|
| 245 | 1 | 0 |
_a Manual básico de terapia intensiva cardiovascular / _cMildre Ileana Ureña Rivera, Rufino Senen Caba ; editor Ernesto Díaz Alvarez ; colaboradores Carlos Rivera ... [y otros] |
| 260 |
_a _c |
||
| 264 |
_aSanto Domingo : _bLaboratorio Britania, _c[202-?] |
||
| 300 |
_a208 páginas : _bilustraciones, gráficos, tablas, fotografía ; _c27 cm. |
||
| 336 |
_atexto _btxt _2rdacontent |
||
| 337 |
_asin mediación _bn _2rdamedia |
||
| 338 |
_avolumen _bnc _2rdacarrier |
||
| 504 | _aBibliografía : página 100 | ||
| 505 | 0 | _aIntroducción. 1 -- Manejo infarto agudo de miocardio con elevación del segmento ST. 2 -- Manejo infarto agudo de miocardio sin elevación del segmento ST. 13 -- Crisis hipertensiva. 32 -- Insuficiencia cardiaca aguda (ICA). 44 --Shock cardiogénico. 51 -- Tromboembolismo pulmonar. 66 -- Reanimación cardiopulmonar y coma inducido. 81 -- Síndrome aórtico agudo 95. -- Manejo de la fibración auricular en situaciones intrahospilarias.113 -- Diagnóstico y manejo de pacientes que presentan síntomas relacionados con la bradicardia en entornos de emergencia y cuidados intensivos. 120 -- Analgesia, sedación y delirium en la unidad de cuidados intensivos cardiovascular clínica. 129 -- Gases arteriales. 139 -- Ventilación mecánica. 150 -- Medicamentos cardiovasculares (Diluciones e infusiones: inotrópicos, antiarrítmicos, antihipertensivos, analgésicos y sedantes) de uso común en UCI. 168 -- Referencias. 200 | |
| 590 | _aInventariado, 2026/VM | ||
| 650 | 7 |
_aCardiología _vManuales |
|
| 650 | 7 |
_aEnfermedades cardiovasculares _xDiagnóstico |
|
| 650 | 7 |
_aEnfermedades cardiovasculares _xTratamiento |
|
| 700 | 1 |
_aSenen Caba, Rufino _eautor |
|
| 700 | 1 |
_aDíaz Alvarez, Ernesto _eeditor |
|
| 710 | 2 | _aAsociación Instituto Dominicano de Cardiología | |
| 910 | _aVMateo V. Control de calidad BPMSU | ||
| 942 |
_2ddc _cBK |
||
| 999 |
_c15939 _d15939 |
||